00624nam a2200181Ia 4500008004100000082001500041100002100056245004300077250000800120260003300128300001300161500002400174650001200198942000700210952010400217952010400321999001700425230524s9999 xx 000 0 und d a5.133bBAL aFrancesco Balena 0aProgramming Microsoft Visual Basic 6.0 a1ST aNEW DELHIbWorld Pressc1999 aXVI;1235 aQuantity Number: 2 aComp-Sc cBK 00104070aTATCLbTATCLcGENd2023-05-24l0o005.133 BALp8899r2023-05-24w2023-05-24yBKzBE2105 00104070aTATCLbTATCLcGENd2023-05-24l0o005.133 BALp8900r2023-05-24w2023-05-24yBKzBE2105 c31944d31944